<?xml version="1.0" encoding="UTF-8"?>
<record
    xmlns:xsi="http://www.w3.org/2001/XMLSchema-instance"
    xsi:schemaLocation="http://www.loc.gov/MARC21/slim http://www.loc.gov/standards/marcxml/schema/MARC21slim.xsd"
    xmlns="http://www.loc.gov/MARC21/slim">

  <leader>01300nam0a2200325   4500</leader>
  <controlfield tag="001">RU\NLR\BIBL_A\011172192</controlfield>
  <controlfield tag="005">20260406095023.0</controlfield>
  <datafield tag="035" ind1=" " ind2=" ">
    <subfield code="a">(NLR Aleph) 011172192</subfield>
  </datafield>
  <datafield tag="090" ind1=" " ind2=" ">
    <subfield code="a">11771391</subfield>
    <subfield code="c">11771391</subfield>
  </datafield>
  <datafield tag="100" ind1=" " ind2=" ">
    <subfield code="a">20160705d1984    m  y0rusy50      ca</subfield>
  </datafield>
  <datafield tag="101" ind1="0" ind2=" ">
    <subfield code="a">sah</subfield>
  </datafield>
  <datafield tag="102" ind1=" " ind2=" ">
    <subfield code="a">RU</subfield>
  </datafield>
  <datafield tag="105" ind1=" " ind2=" ">
    <subfield code="a">y   z   000 y</subfield>
  </datafield>
  <datafield tag="200" ind1="1" ind2=" ">
    <subfield code="a">&#x422;&#x430;&#x430;&#x441; &#x422;&#x443;&#x43C;&#x443;&#x441;</subfield>
    <subfield code="e">&#x441;&#x44D;&#x4BB;&#x44D;&#x43D;&#x43D;&#x44D;&#x440;</subfield>
    <subfield code="f">&#x41D;&#x438;&#x43A;&#x43E;&#x43B;&#x430;&#x439; &#x41B;&#x443;&#x433;&#x438;&#x43D;&#x43E;&#x432;</subfield>
  </datafield>
  <datafield tag="210" ind1=" " ind2=" ">
    <subfield code="a">&#x42F;&#x43A;&#x443;&#x442;&#x441;&#x43A;&#x430;&#x439;</subfield>
    <subfield code="c">&#x421;&#x430;&#x445;&#x430; &#x441;&#x438;&#x440;&#x438;&#x43D;&#x44D;&#x44D;&#x495;&#x438; &#x43A;&#x438;&#x43D;&#x438;&#x433;&#x44D; &#x438;&#x437;&#x434;-&#x432;&#x43E;&#x442;&#x430;</subfield>
    <subfield code="d">1984</subfield>
  </datafield>
  <datafield tag="215" ind1=" " ind2=" ">
    <subfield code="a">221, [1] &#x441;.</subfield>
    <subfield code="d">21</subfield>
  </datafield>
  <datafield tag="225" ind1="1" ind2=" ">
    <subfield code="a">&#x421;&#x438;&#x431;&#x438;&#x438;&#x440; &#x431;&#x438;&#x43B;&#x438;&#x4A5;&#x4A5;&#x438; &#x441;&#x44D;&#x4BB;&#x44D;&#x43D;&#x44D;</subfield>
  </datafield>
  <datafield tag="327" ind1=" " ind2=" ">
    <subfield code="a">&#x421;&#x43E;&#x434;&#x435;&#x440;&#x436;.: &#x422;&#x430;&#x430;&#x441; &#x422;&#x443;&#x43C;&#x443;&#x441; ; &#x41A;&#x443;&#x441;&#x442;&#x443;&#x43A; ; &#x421;&#x443;&#x43E;&#x440; ; &#x41A;&#x4AF;&#x440;&#x44D;&#x445; ; &#x4AE;&#x4A5;&#x43A;&#x4AF;&#x4AF;</subfield>
  </datafield>
  <datafield tag="464" ind1=" " ind2="0">
    <subfield code="1">2001#$a&#x422;&#x430;&#x430;&#x441; &#x422;&#x443;&#x43C;&#x443;&#x441;</subfield>
    <subfield code="1">700#1</subfield>
    <subfield code="t">&#x422;&#x430;&#x430;&#x441; &#x422;&#x443;&#x43C;&#x443;&#x441;</subfield>
    <subfield code="a"></subfield>
  </datafield>
  <datafield tag="464" ind1=" " ind2="0">
    <subfield code="1">2001#$a&#x41A;&#x443;&#x441;&#x442;&#x443;&#x43A;</subfield>
    <subfield code="1">700#1</subfield>
    <subfield code="t">&#x41A;&#x443;&#x441;&#x442;&#x443;&#x43A;</subfield>
    <subfield code="a"></subfield>
  </datafield>
  <datafield tag="464" ind1=" " ind2="0">
    <subfield code="1">2001#$a&#x421;&#x443;&#x43E;&#x440;</subfield>
    <subfield code="1">700#1</subfield>
    <subfield code="t">&#x421;&#x443;&#x43E;&#x440;</subfield>
    <subfield code="a"></subfield>
  </datafield>
  <datafield tag="464" ind1=" " ind2="0">
    <subfield code="1">2001#$a&#x41A;&#x4AF;&#x440;&#x44D;&#x445;</subfield>
    <subfield code="1">700#1</subfield>
    <subfield code="t">&#x41A;&#x4AF;&#x440;&#x44D;&#x445;</subfield>
    <subfield code="a"></subfield>
  </datafield>
  <datafield tag="464" ind1=" " ind2="0">
    <subfield code="1">2001#$a&#x4AE;&#x4A5;&#x43A;&#x4AF;&#x4AF;</subfield>
    <subfield code="1">700#1</subfield>
    <subfield code="t">&#x4AE;&#x4A5;&#x43A;&#x4AF;&#x4AF;</subfield>
    <subfield code="a"></subfield>
  </datafield>
  <datafield tag="541" ind1="1" ind2=" ">
    <subfield code="a">&#x422;&#x430;&#x430;&#x441; &#x422;&#x443;&#x43C;&#x443;&#x441;</subfield>
    <subfield code="e">&#x43F;&#x43E;&#x432;&#x435;&#x441;&#x442;&#x438;</subfield>
    <subfield code="z">rus</subfield>
  </datafield>
  <datafield tag="686" ind1="1" ind2=" ">
    <subfield code="a">&#x428;6(2=&#x42F;)7-4</subfield>
  </datafield>
  <datafield tag="700" ind1=" " ind2="1">
    <subfield code="4">070</subfield>
    <subfield code="7">ca</subfield>
    <subfield code="8">rus</subfield>
    <subfield code="a">&#x41B;&#x443;&#x433;&#x438;&#x43D;&#x43E;&#x432;</subfield>
    <subfield code="b">&#x41D;. &#x410;.</subfield>
    <subfield code="f">1948-</subfield>
    <subfield code="g">&#x41D;&#x438;&#x43A;&#x43E;&#x43B;&#x430;&#x439; &#x410;&#x43B;&#x435;&#x43A;&#x441;&#x435;&#x435;&#x432;&#x438;&#x447;</subfield>
    <subfield code="3">RU\NLR\AUTH\770287435</subfield>
    <subfield code="9">2688965</subfield>
  </datafield>
  <datafield tag="852" ind1=" " ind2=" ">
    <subfield code="a">NLR</subfield>
    <subfield code="b">&#x41E;&#x41D;&#x41B;</subfield>
    <subfield code="j">&#x42F;&#x43A;&#x443;&#x442;./3-2034</subfield>
  </datafield>
  <datafield tag="942" ind1=" " ind2=" ">
    <subfield code="c">BOOK</subfield>
  </datafield>
  <datafield tag="980" ind1=" " ind2=" ">
    <subfield code="a">NB</subfield>
  </datafield>
  <datafield tag="995" ind1=" " ind2=" ">
    <subfield code="5">2016-07-05</subfield>
    <subfield code="b">NLR01</subfield>
    <subfield code="c">NLR01</subfield>
    <subfield code="e">ONL</subfield>
    <subfield code="f">1-1435574</subfield>
    <subfield code="k">&#x41E;&#x41D;&#x41B; &#x42F;&#x43A;&#x443;&#x442;./3-2034</subfield>
    <subfield code="o">0</subfield>
    <subfield code="r">BOOK</subfield>
    <subfield code="s">_32034</subfield>
  </datafield>
</record>
